书目信息 |
| 题名: |
民国时期西部边疆的政权建设与族群关系
|
|
| 作者: | 菅志翔 , 马戎 主编 | |
| 分册: | ||
| 出版信息: | 北京 社会科学文献出版社 2015 |
|
| 页数: | 222页 | |
| 开本: | 24cm | |
| 丛书名: | 21世纪中国民族问题丛书 | |
| 单 册: | ||
| 中图分类: | D693.62 , D693.72 | |
| 科图分类: | ||
| 主题词: | 边疆地区--bian jiang di qu--地方政府--建设--研究--中国--民国 , 边疆地区--bian jiang di qu--民族关系--研究--中国--民国 | |
| 电子资源: | ||
| ISBN: | 978-7-5097-7367-3 | |
| 000 | 01429nam0 22003131 450 | |
| 001 | 0127154615 | |
| 005 | 20170327154615.0 | |
| 010 | @a978-7-5097-7367-3@dCNY59.00 | |
| 100 | @a20151110d2015 em y0chiy50 ea | |
| 101 | 0 | @achi |
| 102 | @aCN@b110000 | |
| 105 | @ay z 000yy | |
| 106 | @ar | |
| 200 | 1 | @a民国时期西部边疆的政权建设与族群关系@Amin guo shi qi xi bu bian jiang de zheng quan jian she yu zu qun guan xi@dAdministrative construction and ethnic relations in western frontiers during the Republic of China@f菅志翔,马戎主编@zeng |
| 210 | @a北京@c社会科学文献出版社@d2015 | |
| 215 | @a222页@d24cm | |
| 225 | 2 | @a21世纪中国民族问题丛书@A21shi ji zhong guo min zu wen ti cong shu@f马戎主编 |
| 300 | @a国家出版基金项目 | |
| 330 | @a本书以民国历史为考察的入手点,重点关注宏观历史下社会变迁与其中微观层面的群体或个人行动间的相互关系,进而探索历史事件与历史趋势的社会学意义。 | |
| 461 | 0 | @12001 @a21世纪中国民族问题丛书 |
| 510 | 1 | @aAdministrative construction and ethnic relations in western frontiers during the Republic of China@zeng |
| 606 | 0 | @a边疆地区@Abian jiang di qu@x地方政府@x建设@x研究@y中国@z民国 |
| 606 | 0 | @a边疆地区@Abian jiang di qu@x民族关系@x研究@y中国@z民国 |
| 690 | @aD693.62@v5 | |
| 690 | @aD693.72@v5 | |
| 701 | 0 | @c(回)@a菅志翔@Ajian zhi xiang@c(女)@4主编 |
| 701 | 0 | @a马戎@Ama rong@f(1950~)@4主编 |
| 801 | 0 | @aCN@bTANGWEI@c20170308 |
| 905 | @b0963319-21@dD693.62@e221@f3 | |
| 民国时期西部边疆的政权建设与族群关系=Administrative construction and ethnic relations in western frontiers during the Republic of China/菅志翔,马戎主编.-北京:社会科学文献出版社,2015 |
| 222页;24cm.-(21世纪中国民族问题丛书/马戎主编) |
| 国家出版基金项目 |
| ISBN 978-7-5097-7367-3:CNY59.00 |
| 本书以民国历史为考察的入手点,重点关注宏观历史下社会变迁与其中微观层面的群体或个人行动间的相互关系,进而探索历史事件与历史趋势的社会学意义。 |
| ● |
| 相关链接 |
|
|
|
|
正题名:民国时期西部边疆的政权建设与族群关系
索取号:D693.62/221
 
预约/预借
| 序号 | 登录号 | 条形码 | 馆藏地/架位号 | 状态 | 备注 |
| 1 | 0963319 | 209633191 | 第一样本阅览室/ [索取号:D693.62/221] | 在馆 | |
| 2 | 0963320 | 209633208 | 第一借阅区/ [索取号:D693.62/221] | 在馆 | |
| 3 | 0963321 | 209633217 | 第一借阅区/ [索取号:D693.62/221] | 在馆 |